000 00806nam a2200229Ia 4500
003 GCL
008 140319s9999 xx 000 0 ara d
040 _aGCL /
_cGCL
082 0 4 _a358.3
_bم ح
100 1 _aمصطفى احمد كمال
245 1 0 _aالحرب غير التقليدية: الاسلحة الذرية والكيماوية والبيولوجيا /
_cمصطفى احمد كمال
260 _a[S.N] :
_bدار الثقافة العربية ،
_c1991
300 _a123 ص
490 _a
650 0 4 _aالاسلحة الذرية
650 0 4 _aالقنابل الذرية
650 0 4 _aالحرب الذرية
650 0 4 _aالحرب الكيميائية
650 0 4 _aالاسلحة الكيميائية
650 0 4 _aالقنابل الهيدروجينية
942 _2ddc
_cBK
999 _c37200
_d37200